000 00560cam a22002053a 4500
001 35614
003 PGUSA
005 20140828083751.0
008 110319s2011||||xxu|||||s|||||000 | eng d
040 _aPGUSA
_beng
042 _adc
100 1 _aGiesy, J. U.
245 1 0 _aPalos of the Dog Star Pack
_h[electronic resource] /
_cJ. U. Giesy
260 _bProject Gutenberg,
_c2011
506 _aPublic domain in the USA.
516 _aElectronic text
830 0 _aProject Gutenberg
_v35614
856 4 0 _uhttp://www.gutenberg.org/ebooks/35614
942 _cEB
999 _c264869
_d264869